Biblioteca

Cincuenta intelectuales para una conciencia crítica (Registro nro. 45186)

Detalles MARC
000 -LÍDER
Campo fijo de descripción fija 013910000a22002890004500
001 - NÚMERO DE CONTROL
Campo de control 18780
003 - IDENTIFICADOR DEL NÚMERO DE CONTROL
Campo de control CO-MdFUSB
005 - FECHA Y HORA DE LA ULTIMA TRANSACCIÓN
control field 20190202100448.0
008 - ELEMENTOS DE LONGITUD FIJA -- INFORMACIÓN GENERAL
Campo fijo de descripción fija -- Información general 160728t2013 sp ||||f |||| 00| 0 spa d
020 ## - NÚMERO INTERNACIONAL NORMALIZADO PARA LIBROS
Número Internacional Normalizado del libro 9788492416776
040 ## - FUENTE DE CATALOGACIÓN
Agencia que realiza la transcripción CO-MdFUSB
Agencia de catalogación original Español
Idioma de catalogación CO-MdFUSB
Agencia que realiza la modificación CO-MdFUSB
041 0# - CÓDIGO DE IDIOMA
Código de idioma para texto/pista de sonido o título separado spa
082 ## - NÚMERO DE CLASIFICACIÓN DECIMAL DEWEY
Número de la edición del Dewey 24
Número de clasificación G 230.046
Clave de autor-Numero de item T153c
100 1# - ASIENTO PRINCIPAL--NOMBRE PERSONAL
Nombre personal Tamayo Acosta, Juan José
Término relacionador autor
245 10 - TÍTULO
Título del Material Cincuenta intelectuales para una conciencia crítica
Mención de responsabilidad, etc. / Juan José Tamayo
264 ## - PRODUCCIÓN, PUBLICACIÓN, DISTRIBUCIÓN, MANUFACTURA, Y COPYRIGHT
Lugar de producción, publicación, distribución, manufactura Barcelona
Nombre del productor, publicador, distribuidor : Fragmenta,
Fecha de producción, publicación, distribución, manufactura, o copyright 2013
300 ## - DESCRIPCIÓN FÍSICA
Extensión 519 páginas
336 ## - TIPO DE CONTENIDO
Fuente rdacontent
Término de tipo de contenido
Código de tipo de contenido
337 ## - TIPO DE MEDIO
Fuente rdamedia
Nombre del tipo de medio
Código del tipo de medio
338 ## - TIPO DE SOPORTE
Fuente rdacarrier
Nombre del tipo de soporte
Código Tipo de soporte
490 ## - MENCIÓN DE SERIE
Mención de serie Fragmentos ;
501 ## - NOTA DE “CON”
Nota de Contenido rústico
505 00 - NOTA DE CONTENIDO
Nota de contenido con formato preestablecido Ética y teología contra el nazismo (Bonhoeffer) -- La heterodoxia como forma de vida de pensamiento (López Aranguren) -- Crónica de una muerte anunciada (Romero) -- Diálogo e interculturalidad (Panikkar) -- Dios, silencio del universo (Saramago) -- Jesús el judío (Vermes) -- Por la senda de la mística y de la liberación (Cardenal) -- En diálogo con el ateísmo y el marxismo (Girardi) -- Conciencia crítica de la iglesia y teólogo de las religiones (Kung) -- Ecología, ética y liberación (Boff) -- Teología feminista de la liberación (Tamez) entre otros
650 #0 - ASIENTO SECUNDARIO DE MATERIA - TERMINO TEMÁTICO
Término temático o nombre geográfico como elemento de entrada Teología doctrinal
Subdivisión general Historia
9 (RLIN) 159
650 #7 - ASIENTO SECUNDARIO DE MATERIA - TERMINO TEMÁTICO
Término temático o nombre geográfico como elemento de entrada Teólogos
Fuente del encabezamiento o término
9 (RLIN) 233
942 ## - TIPO DE MATERIAL (KOHA)
Tipo de Item KOHA Libros General
Existencias
Estado de Material Estado de Perdido Forma de Clasificación Estado de Dañado No para Préstamo Colección Tomo Biblioteca de Origen Biblioteca Permanente Fecha de Adquisición Total de Préstamos Signatura Topográfica Código de Barras Última vez visto Ejemplar/Existencia Fecha de Remplazo Tipo de Material
    Dewey Decimal Classification     Colección General   Biblioteca FUSBC Biblioteca FUSBC 18/11/2014   G 230.046 T153c 18769 19/03/2025 Ej. 1 26/01/2016 Libros General

Biblioteca FUSBC | Teléfono: (57+4) 349 88 10 Ext. 141| WhatsApp (+57) 3005338115 
E-mail: biblioteca@unisbc.edu.co | Calle 76 87-14 Robledo Palenque, Medellín, Colombia

Con tecnología Koha